Histochemical studies on peroxisomes is regenerating proximal tubules of the kidney

Elmentve itt :
Bibliográfiai részletek
Szerzők: Bődi Zsuzsanna
Iványi Béla
Kóbor Jenő
Ormos Jenő
Dokumentumtípus: Cikk
Megjelent: 1979
Sorozat:Kolligátum
Kulcsszavak:Vesebetegségek
Online Access:http://misc.bibl.u-szeged.hu/26569
LEADER 00683nab a2200205 i 4500
001 misc26569
005 20191111110310.0
008 170913s1979 hu o 0|| zxx d
040 |a SZTE Miscellanea Repozitórium  |b hun 
041 |a zxx 
100 1 |a Bődi Zsuzsanna 
245 1 0 |a Histochemical studies on peroxisomes is regenerating proximal tubules of the kidney  |h [elektronikus dokumentum] /  |c  Bődi Zsuzsanna 
260 |c 1979 
300 |a 620-626 
490 0 |a Kolligátum 
695 |a Vesebetegségek 
700 0 1 |a Iványi Béla  |e aut 
700 0 1 |a Kóbor Jenő  |e aut 
700 0 1 |a Ormos Jenő  |e aut 
856 4 0 |u http://misc.bibl.u-szeged.hu/26569/1/019_008_620-626.pdf  |z Dokumentum-elérés